Özgür insan ve demokrasi (Record no. 5330)

MARC details
000 -BAŞLIK
Sabit Uzunlukta Kontrol Alanı 01338na a2200421 4500
001 - KONTROL NUMARASI
Denetim Alanı 23387
003 - KONTROL NUMARASI IDENTIFIER
Denetim Alanı MIRAKIL
005 - SON İŞLEM TARİHİ VE ZAMANI
Denetim Alanı 20181213155033.0
008 - SABİT-BOY VERİ ELEMANLARI - GENEL BİLGİLER
Sabit Uzunlukta Kontrol Alanı 170920b tu 000 0
020 ## - ULUSLARARASI STANDART KİTAP NUMARASI
Uluslararası Standart Kitap Numarası 9786056644443
040 ## - KATALOGLAMA KAYNAK
Orijinal Kataloglama Ajansı Milas
Kataloglama Dili tur
Metne Dönüştürmek Ajansı TR-AnCHP
041 ## - DİL KODU
Metin / Ses Parça Veya Ayrı Başlığın Dil Kodu tur
082 ## - DEWEY ONLU SINIFLANDIRMA NUMARASI
Sınıflandırma Numarası 321.8
Ürün Numarası S67ö 2017
090 ## - SINIFLAMA NUMARASI
Sınıflama Numarası 321.8 S67ö 2017
110 ## - ANA GİRİŞ - KURUMSAL ADI
Giriş Elemanı Olarak Kurumsal Ad Veya Yargı Alanı Adı Sosyal Demokrasi Derneği
245 ## - BAŞLIK TABLOSU
Başlık Özgür insan ve demokrasi
Başlığın Kalan Özgür insan dergisi yazıları
Sorumluluk Tablosu, Vb Sosyal Demokrasi Derneği
246 ## - UNVAN FORM VARYING
Başlık Doğru / Kısa Başlığı Özgür insan dergisi yazıları
260 ## - YAYIN, DAĞITIM, VB
Yayın, Dağıtım, Vb Yeri Ankara
Yayıncı, Dağıtıcı, Vs Adı Sosyal Demokrasi Derneği
Yayın, Dağıtım, Vb Tarihi 2017
Üretici Firma Ziraat Grup Matbaacılık
300 ## - FİZİKSEL TANIM
Kapsam 254 s.
Boyutlar 19 sm.
440 ## - SERİSİ TABLOSU / KATMA GİRİŞİ - BAŞLIK
Başlık Sosyal Demokrasi Derneği Yayınları
Hacim / Ardışık Tanımı 13
490 ## - SERİSİ TABLOSU
Seri Beyanı Sosyal Demokrasi Düşünce Dünyası
Hacim / Ardışık Tanımı 4
650 ## - KONU KATMA GİRİŞ - TOPİKAL DÖNEM
Topikal Süreli Veya Coğrafi Ad Giriş Elemanı Sosyal devlet
Coğrafi Alt Bölümü Türkiye
650 ## - KONU KATMA GİRİŞ - TOPİKAL DÖNEM
Topikal Süreli Veya Coğrafi Ad Giriş Elemanı CHP ve Sosyal Demokrasi
650 ## - KONU KATMA GİRİŞ - TOPİKAL DÖNEM
Topikal Süreli Veya Coğrafi Ad Giriş Elemanı Siyaset ve yönetim
Genel Alt Bölümü Sosyal demokrasi
Coğrafi Alt Bölümü Türkiye
700 ## - KATMA GİRİŞ - KİŞİSEL İSİM
Kişisel Ad Kuruç, Bilsay
700 ## - KATMA GİRİŞ - KİŞİSEL İSİM
Kişisel Ad Üstünel, Besime
700 ## - KATMA GİRİŞ - KİŞİSEL İSİM
Kişisel Ad Kışlalı, Ahmet Taner
700 ## - KATMA GİRİŞ - KİŞİSEL İSİM
Kişisel Ad Baykal, Deniz
700 ## - KATMA GİRİŞ - KİŞİSEL İSİM
Kişisel Ad Atabaş, Kadri
700 ## - KATMA GİRİŞ - KİŞİSEL İSİM
Kişisel Ad Yücekök, Ahmet N.
700 ## - KATMA GİRİŞ - KİŞİSEL İSİM
Kişisel Ad Erginsoy, Faruk
700 ## - KATMA GİRİŞ - KİŞİSEL İSİM
Kişisel Ad Soysal, Mümtaz
700 ## - KATMA GİRİŞ - KİŞİSEL İSİM
Kişisel Ad Taylan, Muhittin
700 ## - KATMA GİRİŞ - KİŞİSEL İSİM
Kişisel Ad Kabasakal, Mehmet
700 ## - KATMA GİRİŞ - KİŞİSEL İSİM
Kişisel Ad Ecevit, Bülent
740 ## - KATMA GİRİŞ - KONTROLSUZ İLGİLİ / ANALİTİK BAŞLIK
Kontrol Edilmeyen / İlgili Analitik Başlıktaki Özgür insan dergisi yazıları
942 ## - EKLENDİ GİRİŞ ELEMANLARI (KOHA)
Sınıflandırma Veya Raf Düzeni Kaynak Dewey Decimal Classification
Koha Öğesi Türü Books
999 ## - SİSTEM KONTROL NUMARALARI (KOHA)
Koha Biblionumber 5330
Koha Biblioitemnumber 5330
Holdings
Kalıcı Konum Mevcut Konum Edinme Tarihi Edinim Kaynak Toplam Check-Out'Lar Tam Çağrı Numarası Barkod Tarih Son Görülme İtibaren Geçerli Fiyatlar Koha Öğesi Türü
CHP Kütüphanesi CHP Kütüphanesi 09/20/2017 Bağış   321.8 S67ö 2017 017370 09/20/2017 09/20/2017 Books